Statistiques concernant Devinez ces jeux de société

Cliquez ici pour prendre le quiz!

Statistiques générales

  • Ce quiz a été pris 368 fois
  • Le résultat moyen est 4 sur 10

Statistiques - réponses

DescriptionRéponse% Correct
Son autre nom est "La Conquête du Monde"Risk
79%
Ton corps doit être souple pour pouvoir gagnerTwister
73%
Porte le même nom qu'une cité fortifiée de FranceCarcassonne
53%
Un jeu sur le thème des chemins de ferLes Aventuriers du Rail
46%
On y trouve les Jardins Suspendus ou encore la pyramide de Khéops7 Wonders
34%
Il suffit d'un peu de blés et de minerais pour y construire une villeLes Colons de Catan
30%
On gère des pierres précieuses afin de devenir le plus grand notableSplendor
21%
On y construit son royaume sur un carré de 5x5Kingdomino
18%
Faites attention aux bombes afin d'attraper le drapeau advserveStratego
14%
En partant d'Edô, l'objectif est de rejoindre Kyoto en empruntant la route appelée .......Tokaido
5%

Distribution des résultats

Percentile par nombre de réponses

% des personnes avec chaque résultat

Votre développement - résultats

Vous n’avez pas pris ce quiz